书目信息 |
| 题名: |
情感驱动
|
|
| 作者: | ;刘琨 译 | |
| 分册: | ||
| 出版信息: | 北京 中信出版集团 2018 |
|
| 页数: | 47, 244页 | |
| 开本: | 21cm | |
| 丛书名: | ||
| 单 册: | ||
| 中图分类: | F471.268 | |
| 科图分类: | ||
| 主题词: | 饮料工业--yin liao gong ye | |
| 电子资源: | ||
| ISBN: | 978-7-5086-9134-3 | |
| 000 | 01246nam0 2200301 450 | |
| 001 | 1951773288 | |
| 005 | 20181024155555.7 | |
| 010 | @a978-7-5086-9134-3@b精装@dCNY 58.00 | |
| 099 | @aCAL 012018133097 | |
| 100 | @a20180914d2018 em y0chiy50 ea | |
| 101 | 1 | @achi@ceng |
| 102 | @aCN@b110000 | |
| 105 | @ay z 000yy | |
| 200 | 1 | @a情感驱动@Aqing gan qu dong@d= Martketing@e人们愿意为情感支付额外的费用@f(西) 哈维尔·桑切斯·拉米拉斯著@g刘琨译@zeng |
| 210 | @a北京@c中信出版集团@d2018 | |
| 215 | @a47, 244页@d21cm | |
| 305 | @a据2016年版译出 | |
| 306 | @a本书限中国大陆发行 | |
| 330 | @a本书讲述了商业帝国可口可乐的品牌营销策略。作者从内部视角,还原了建立用户对产品的情感,继而由情感驱动购买行为的强大影响力,同时系统总结了理性设计情感营销、促成用户为情感支付溢价等方法。 | |
| 500 | 10 | @aMartketing : the heart and the brain of branding@mChinese |
| 517 | 1 | @a人们愿意为情感支付额外的费用@Aren men yuan yi wei qing gan zhi fu e wai de fei yong |
| 601 | 02 | @a可口可乐公司@Ake kou ke le gong si@x营销管理@x经验@y美国 |
| 606 | 0 | @a饮料工业@Ayin liao gong ye |
| 690 | @aF471.268@v5 | |
| 701 | 1 | @c拉米拉斯@g(Lamelas, Javier Sanchez)@4著 |
| 702 | 0 | @a刘琨@Aliu kun@4译 |
| 801 | 0 | @aCN@bNJU@c20181023 |
| 905 | @aBZT@dF471.268@e12 | |
| 情感驱动= Martketing:人们愿意为情感支付额外的费用/(西) 哈维尔·桑切斯·拉米拉斯著/刘琨译.-北京:中信出版集团,2018 |
| 47, 244页;21cm |
| ISBN 978-7-5086-9134-3(精装):CNY 58.00 |
| 本书讲述了商业帝国可口可乐的品牌营销策略。作者从内部视角,还原了建立用户对产品的情感,继而由情感驱动购买行为的强大影响力,同时系统总结了理性设计情感营销、促成用户为情感支付溢价等方法。 |
| ● |
| 相关链接 |
|
|
|
正题名:情感驱动
索取号:F471.268/12
 
预约/预借
| 序号 | 登录号 | 条形码 | 馆藏地/架位号 | 状态 | 备注 |
| 1 | 868720 | 2000868720 | 第二书库/ [索取号:F471.268/12] | 在馆 | |
| 2 | 868721 | 2000868721 | 第二书库/ [索取号:F471.268/12] | 在馆 | |
| 3 | 868722 | 2000868722 | 第二书库/ [索取号:F471.268/12] | 在馆 |